000 01247cam a2200229 4500
001 ABS65433
008 020418n2002 000 0 eng u
035 _a(Sirsi) u117557
100 _aOsbourne, H
245 4 _aThe two cultures rift
260 _c2002
490 _aEstates Gazette
_v(0213) 30 March 2002, 84(1)
520 _aChairman and vice president of the RICS Management Consultancy Faculty present their views on property firms offering management consultancy services. Chairman Paul Winter argues that management consultancy should be kept separate from other surveying services so that property firms maintain their client's trust. Winter highlights the differences between management consultants and surveyors, arguing that surveyors should take MBA qualifications to avoid being left behind in the business world. In response to the growing need for consultancy, the RICS Management Consultancy Faculty plans to set up a higher qualification criteria for chartered management consultant surveyors.
590 _aABS
650 _aManagement consultancy
_96255
650 _aRICS
650 _aSURVEYORS
650 _aMBAS
650 _aMANAGEMENT-BUSINESS MANAGEMENT
690 _aPROFESSIONAL PRACTICE
942 _n0
999 _c70004
_d70004